The Genetics and biology of Drosophila / (Record no. 14394)
[ view plain ]
| 000 -LEADER | |
|---|---|
| fixed length control field | 01048cam a2200349 i 4500 |
| 001 - CONTROL NUMBER | |
| control field | 14394 |
| 003 - CONTROL NUMBER IDENTIFIER | |
| rucl marc code | BD-RjUL |
| 005 - DATE AND TIME OF LATEST TRANSACTION | |
| control field | 20211208235623.0 |
| 008 - FIXED-LENGTH DATA ELEMENTS--GENERAL INFORMATION | |
| fixed length control field | 140205t1976 enka b 001 0 eng |
| 020 ## - INTERNATIONAL STANDARD BOOK NUMBER | |
| International Standard Book Number | 0120649012 (v. 1a) |
| International Standard Book Number | 012064902 |
| 035 ## - SYSTEM CONTROL NUMBER | |
| System control number | (BD-RjUL)14446 |
| System control number | (OCoLC)ocm02397390 |
| System control number | (CStRLIN)NYCG83-B45874 |
| System control number | (BD-RjUL)14446 |
| System control number | (NNC)170542 |
| 040 ## - CATALOGING SOURCE | |
| Modifying agency | NNC |
| -- | BD-RjUL |
| Original cataloging agency | DLC |
| Language of cataloging | eng |
| Transcribing agency | DLC |
| 041 ## - LANGUAGE CODE | |
| Language code of text/sound track or separate title | eng |
| 082 ## - DEWEY DECIMAL CLASSIFICATION NUMBER | |
| Classification number | 595.774 |
| Edition number | 16 |
| Author mark and year | GEN 1976 |
| 090 ## - LOCALLY ASSIGNED LC-TYPE CALL NUMBER (OCLC); LOCAL CALL NUMBER (OCLC) | |
| Classification number (OCLC) (R) ; Classification number, CALL (RLIN) (NR) | QH470.D7 |
| Local cutter number (OCLC) ; Book number/undivided call number, CALL (RLIN) | G46 |
| 245 04 - TITLE STATEMENT | |
| Title | The Genetics and biology of Drosophila / |
| Statement of responsibility, etc. | edited by M. Ashburner and E. Novitski. |
| 260 ## - PUBLICATION, DISTRIBUTION, ETC. (IMPRINT) | |
| Place of publication, distribution, etc. | London ; |
| -- | New York : |
| Name of publisher, distributor, etc. | Academic Press, |
| Date of publication, distribution, etc. | c1976. |
| 300 ## - PHYSICAL DESCRIPTION | |
| Pagination | v. : |
| Illustrations | ill. ; |
| Size | 24 cm. |
| 504 ## - BIBLIOGRAPHY, ETC. NOTE | |
| Bibliography, etc | Includes bibliographical reference and indexes. |
| 650 #0 - SUBJECT ADDED ENTRY--TOPICAL TERM | |
| Topical term or geographic name as entry element | Drosophila melanogaster. |
| 9 (RLIN) | 44907 |
| Topical term or geographic name as entry element | Drosophila. |
| 9 (RLIN) | 44908 |
| Topical term or geographic name as entry element | Insects |
| General subdivision | Genetics. |
| 9 (RLIN) | 44909 |
| 700 1# - ADDED ENTRY--PERSONAL NAME | |
| Personal name | Ashburner, M. |
| Personal name | Novitski, Edward. |
| 942 ## - ADDED ENTRY ELEMENTS (KOHA) | |
| Source of classification or shelving scheme | Dewey Decimal Classification |
| Koha item type | Books |
| Lost status | Source of classification or shelving scheme | Damaged status | Not for loan | Collection code | Permanent Location | Current Location | Shelving location | Date acquired | Source of acquisition | Cost, normal purchase price | Total Checkouts | Full call number | Date last seen | Copy number | Koha item type |
|---|---|---|---|---|---|---|---|---|---|---|---|---|---|---|---|
| Dewey Decimal Classification | Not For Loan | Non-fiction | Central Library, University of Rajshahi | Central Library, University of Rajshahi | Reading Room | 31/08/1979 | Heffers. | 16.80 | 595.774 GEN V-1 1976 | 05/02/2014 | C-1 | Books | |||
| Dewey Decimal Classification | Non-fiction | Central Library, University of Rajshahi | Central Library, University of Rajshahi | 31/08/1979 | Heffers | 16.80 | 595.774 GEN V-1 1976 | 11/04/2017 | C-2 | Books | |||||
| Dewey Decimal Classification | Non-fiction | Central Library, University of Rajshahi | Central Library, University of Rajshahi | 31/08/1979 | Heffers | 16.80 | 595.774 GEN V-1 1976 | 21/05/2017 | C-3 | Books |